Every City in Ontario on the Map - Statistics

General Stats
  • This quiz has been taken 4,153 times
    3,091 since last reset
  • The average score is 45 of 153
Answers on the Map
Answers color-coded by a green-red scale on the quiz's map according to % correct below.
 
Answer Stats
Type Pop City % Correct
City 2.73 m Toronto
98%
City 934 k Ottawa
93%
City 536 k Hamilton
88%
City 383 k London
87%
City 721 k Mississauga
86%
City 88.0 k Niagara Falls
85%
City 107 k Thunder Bay
84%
City 217 k Windsor
83%
City 593 k Brampton
78%
City 123 k Kingston
77%
City 161 k Greater Sudbury
76%
City 233 k Kitchener
75%
City 141 k Barrie
74%
Town 17.5 k Niagara-on-the-Lake
74%
City 159 k Oshawa
71%
City 73.3 k Sault Ste. Marie
71%
City 306 k Vaughan
70%
City 104 k Waterloo
68%
City 133 k St. Catharines
67%
City 131 k Guelph
66%
City 328 k Markham
63%
City 183 k Burlington
62%
Town 193 k Oakville
61%
Town 119 k Ajax
58%
City 81.0 k Peterborough
58%
City 36.7 k Brant
57%
City 71.5 k Sarnia
57%
City 51.5 k North Bay
55%
City 195 k Richmond Hill
55%
City 41.7 k Timmins
54%
City 129 k Cambridge
53%
City 91.7 k Pickering
53%
Town 110 k Milton
52%
City 97.4 k Brantford
49%
Town 128 k Whitby
47%
City 50.7 k Belleville
46%
City 102 k Chatham-Kent
46%
Town 84.2 k Newmarket
46%
City 21.3 k Owen Sound
45%
Town 55.4 k Aurora
43%
City 46.5 k Cornwall
41%
City 31.1 k Orillia
41%
City 75.4 k Kawartha Lakes
40%
City 15.0 k Kenora
38%
Town 28.9 k Orangeville
38%
Town 66.5 k Caledon
36%
Town 6.4 k Parry Sound
36%
City 52.2 k Welland
35%
Town 21.7 k Collingwood
33%
Town 61.1 k Halton Hills
33%
City 64.0 k Norfolk County
33%
Town 30.7 k Fort Erie
32%
City 31.4 k Stratford
32%
Town 27.3 k Grimsby
31%
Town 19.8 k Huntsville
30%
City 24.7 k Prince Edward County
30%
Town 19.4 k Cobourg
29%
City 40.9 k Woodstock
29%
City 38.9 k St. Thomas
28%
City 21.3 k Brockville
27%
Town 20.6 k Wasaga Beach
27%
Town 45.8 k Whitchurch-Stouffville
27%
Town 35.3 k Bradford West Gwillimbury
26%
Town 16.0 k Bracebridge
25%
Town 36.5 k Innisfil
25%
City 13.8 k Pembroke
23%
City 7.7 k Dryden
22%
Town 20.4 k Essex
22%
Town 12.3 k Gravenhurst
22%
Town 15.8 k Greater Napanee
21%
Town 1.4 k Moosonee
21%
Town 5.9 k Perth
21%
City 18.3 k Port Colborne
21%
Town 7.6 k Goderich
20%
Town 16.8 k Midland
20%
Town 17.1 k Petawawa
20%
Town 8.4 k South Bruce Peninsula
20%
Town 5.3 k Cochrane
19%
Town 2.7 k Northeastern Manitoulin and the Islands
19%
City 9.9 k Temiskaming Shores
19%
Town 45.4 k Georgina
18%
Town 5.0 k Hearst
18%
Town 8.2 k Kapuskasing
18%
City 43.5 k Quinte West
18%
Town 23.2 k Tecumseh
18%
City 18.8 k Thorold
18%
Town 23.9 k East Gwillimbury
17%
City 10.7 k Elliot Lake
17%
City 45.6 k Haldimand County
17%
Town 23.7 k Lincoln
17%
Town 4.9 k Espanola
16%
Town 8.7 k Smiths Falls
16%
Town 10.6 k Carleton Place
15%
Town 5.1 k Gananoque
15%
Town 30.1 k LaSalle
15%
Town 3.2 k Marathon
15%
Town 15.8 k Tillsonburg
15%
Town 21.9 k Amherstburg
14%
Town 21.5 k Kingsville
14%
Town 34.2 k New Tecumseth
14%
Town 8.2 k Renfrew
14%
Town 8.7 k Arnprior
13%
Town 12.7 k Ingersoll
13%
Town 36.6 k Lakeshore
13%
Town 1.9 k Mattawa
13%
Town 8.9 k Penetanguishene
13%
Town 807 Rainy River
13%
Town 7.2 k St. Marys
13%
Town 7.7 k Fort Frances
12%
Town 10.2 k Hawkesbury
12%
Town 7.9 k Kirkland Lake
12%
Town 17.1 k Pelham
12%
Town 3.8 k Bancroft
11%
Town 3.4 k Blind River
11%
City 24.5 k Clarence-Rockland
11%
Town 4.1 k Deep River
11%
Town 11.4 k Erin
11%
Town 7.6 k Hanover
11%
Town 5.7 k Petrolia
11%
Town 7.4 k Aylmer
10%
Town 8.1 k Shelburne
10%
Town 712 Spanish
10%
Town 4.5 k Iroquois Falls
9%
Town 8.6 k Mono
9%
Town 7.7 k Plympton-Wyoming
9%
Town 2.7 k Atikokan
8%
Town 1.1 k Cobalt
8%
Town 867 Gore Bay
8%
Village 2.0 k Point Edward
8%
Town 4.2 k Prescott
8%
Town 1.3 k Smooth Rock Falls
8%
Town 7.0 k The Blue Mountains
8%
Village 981 Burk's Falls
7%
Village 3.5 k Casselman
7%
Town 13.1 k Mississippi Mills
7%
Village 648 Oil Springs
7%
Town 1.2 k Thessalon
7%
Town 582 Bruce Mines
6%
Town 1.7 k Deseronto
6%
Town 1.4 k Englehart
6%
Town 13.7 k Saugeen Shores
6%
Village 1.1 k South River
6%
Village 961 Sundridge
6%
Town 2.9 k Grand Valley
5%
Village 112 Thornloe
5%
Village 590 Westport
5%
Village 171 Hilton Beach
4%
Town 882 Kearney
4%
Town 313 Latchford
4%
Town 2.9 k Laurentian Hills
4%
Village 3.0 k Merrickville-Wolford
4%
Town 8.6 k Minto
4%
Village 466 Newbury
4%
No matching quizzes found
Score Distribution
Percent of People with Each Score
Percentile by Number Answered
Your Score History
You have not taken this quiz since the last reset